000
00209 a2200097 4500
001
8922
100
_a
Hocnby A A
245
_a
Oxford Progressive English course
260
_a
_b
Oxford
_c
090
_c
7111
_d
7111
942
_a
NUST-CAE
_c
M
_c
33725
999
_c
243995
_d
243995